000 00666nam a2200217 i 4500
001 142260
003 ES-MaACL
007 t|
008 071004s1953 sp ||||1| spa d
080 _a355.13(04)
100 1 _aVigón, Jorge.
_9114665
245 1 0 _aHay un estilo militar de vida /
_cJorge Vigón.
260 _aMadrid :
_bEditora Nacional,
_c1953.
300 _a211 p. ;
_c21 cm.
490 1 _aLibros de actualidad política ;
_v13
650 1 4 _aMilitares-
_xEspaña.
_915043
650 1 7 _aPsicología militar
_2embne
_916569
830 0 _aLibros de actualidad política ;
_v13
_9182069
852 _aES-MaACL
_jC-5864
_bR.35915
999 _c142260
_d142260